[Event "Sabadell Coral Colon op 13th"]
[Site "Sabadell"]
[Date "2019.04.05"]
[Round "7"]
[White "Oliveras Cruz, Jaume"]
[Black "Fernandez Aguilar, Francisco"]
[Result "0-1"]
[WhiteElo "1858"]
[BlackElo "2116"]
[PlyCount "32"]
[EventDate "2019.02.22"]
[EventType "swiss"]
[EventRounds "8"]
[EventCountry "ESP"]
[SourceTitle "CBM 190 Extra"]
[Source "ChessBase"]
[SourceDate "2019.07.15"]
[SourceVersion "1"]
[SourceVersionDate "2019.07.15"]
[SourceQuality "1"]

1. d4 d5 2. Nf3 Nf6 3. c4 c6 4. Nc3 dxc4 5. a4 Bf5 6. e3 e6 7. Bxc4 Bb4 8. 0-0 0-0 9. Qb3 Qe7 10. Bd2 a5 11. Ne2 Nbd7 12. Bxb4 Qxb4 13. Qxb4 axb4 14. Rfc1 Nb6 15. b3 Nxc4 16. bxc4 b3 0-1

[Event "Sabadell Coral Colon op 13th"]
[Site "Sabadell"]
[Date "2019.03.08"]
[Round "3"]
[White "Oliveras Cruz, Jaume"]
[Black "Alvarez Dominguez, Breixo Jesus"]
[Result "1-0"]
[WhiteElo "1858"]
[BlackElo "1967"]
[PlyCount "95"]
[EventDate "2019.02.22"]
[EventType "swiss"]
[EventRounds "8"]
[EventCountry "ESP"]
[SourceTitle "CBM 190 Extra"]
[Source "ChessBase"]
[SourceDate "2019.07.15"]
[SourceVersion "1"]
[SourceVersionDate "2019.07.15"]
[SourceQuality "1"]

1. d4 Nf6 2. Nf3 e6 3. c4 Bb4+ 4. Bd2 Qe7 5. g3 Ne4 6. Bg2 0-0 7. 0-0 d5 8. a3 Bxd2 9. Nbxd2 Nd7 10. Qc2 Nxd2 11. Nxd2 c6 12. e4 dxe4 13. Nxe4 e5 14. dxe5 Nxe5 15. Nd2 Be6 16. Rfe1 Qd6 17. c5 Qd3 18. Be4 Qxc2 19. Bxc2 Rad8 20. Rxe5 Rxd2 21. Rc1 Rfd8 22. b4 Bh3 23. Ree1 Kf8 24. Rcd1 Bg4 25. Rxd2 Rxd2 26. Be4 Ra2 27. b5 cxb5 28. Bxb7 Rxa3 29. Bc6 f6 30. Bxb5 Rc3 31. Re8+ Kf7 32. Ra8 Rxc5 33. Rxa7+ Kf8 34. Ra8+ Ke7 35. Ra7+ Kd6 36. Bf1 Rc1 37. Kg2 Bd7 38. Be2 g5 39. h3 f5 40. Ra6+ Rc6 41. f4 Kd5 42. Bf3+ Kd6 43. Bxc6 Bxc6+ 44. Kf2 h6 45. fxg5 hxg5 46. h4 gxh4 47. gxh4 Kd7 48. Rxc6 1-0

[Event "Sabadell Coral Colon op 13th"]
[Site "Sabadell"]
[Date "2019.03.01"]
[Round "2"]
[White "Palacios Pena, Gerardo"]
[Black "Oliveras Cruz, Jaume"]
[Result "0-1"]
[WhiteElo "1776"]
[BlackElo "1858"]
[PlyCount "72"]
[EventDate "2019.02.22"]
[EventType "swiss"]
[EventRounds "8"]
[EventCountry "ESP"]
[SourceTitle "CBM 190 Extra"]
[Source "ChessBase"]
[SourceDate "2019.07.15"]
[SourceVersion "1"]
[SourceVersionDate "2019.07.15"]
[SourceQuality "1"]

1. d4 Nf6 2. Nf3 g6 3. Bf4 Bg7 4. e3 d6 5. h3 0-0 6. Be2 Nc6 7. 0-0 e5 8. Bh2 exd4 9. exd4 Re8 10. c3 Bf5 11. Nbd2 a6 12. Re1 b5 13. a3 Rb8 14. Bf1 h6 15. Rxe8+ Qxe8 16. Qe2 Qd7 17. Re1 Re8 18. Qd1 Ne4 19. Nxe4 Bxe4 20. Nd2 Bd5 21. Rxe8+ Qxe8 22. Qe2 Qxe2 23. Bxe2 f5 24. f4 Nxd4 25. cxd4 Bxd4+ 26. Kf1 Bxb2 27. a4 bxa4 28. Nc4 a3 29. Nxa3 Bxa3 30. Bxa6 Kf7 31. g4 fxg4 32. hxg4 Bf3 33. Bc8 Bc5 34. f5 Be3 35. fxg6+ Kxg6 36. Bg3 Kg5 0-1

[Event "Sabadell Coral Colon op 10th"]
[Site "Sabadell"]
[Date "2016.03.18"]
[Round "9"]
[White "Morais Carreras, Javier"]
[Black "Oliveras Cruz, Jaume"]
[Result "1-0"]
[WhiteElo "1958"]
[BlackElo "1849"]
[PlyCount "74"]
[EventDate "2016.01.22"]
[EventType "swiss"]
[EventRounds "9"]
[EventCountry "ESP"]
[SourceTitle "EXT 2017"]
[Source "ChessBase"]
[SourceDate "2016.10.25"]
[SourceVersion "1"]
[SourceVersionDate "2016.10.25"]
[SourceQuality "1"]

1. e4 d6 2. d4 g6 3. Nc3 Bg7 4. Nf3 Nf6 5. Be2 0-0 6. 0-0 Nbd7 7. Re1 e5 8. Bg5 c6 9. d5 c5 10. a4 a6 11. a5 h6 12. Bh4 g5 13. Bg3 Nh5 14. Nd2 Nf4 15. Nc4 Qe7 16. Bf3 Rb8 17. Na4 Nf6 18. Nab6 Bd7 19. Nxd7 Nxd7 20. Ne3 Nf6 21. Nf5 Qd7 22. c4 Kh7 23. Bxf4 gxf4 24. Qd2 Ng8 25. b4 Rfc8 26. Bg4 h5 27. Bh3 Bh8 28. Nh4 Qe7 29. Bxc8 Qxh4 30. Bf5+ Kg7 31. bxc5 Nh6 32. cxd6 Kf6 33. c5 Rg8 34. f3 Nxf5 35. exf5 Qh3 36. Qf2 Rg3 37. hxg3 fxg3 1-0

[Event "Sabadell Coral Colon op 10th"]
[Site "Sabadell"]
[Date "2016.02.12"]
[Round "4"]
[White "Oliveras Cruz, Jaume"]
[Black "Lopez Atalaya Faine, Josep"]
[Result "1/2-1/2"]
[WhiteElo "1849"]
[BlackElo "1829"]
[PlyCount "68"]
[EventDate "2016.01.22"]
[EventType "swiss"]
[EventRounds "9"]
[EventCountry "ESP"]
[SourceTitle "EXT 2017"]
[Source "ChessBase"]
[SourceDate "2016.10.25"]
[SourceVersion "1"]
[SourceVersionDate "2016.10.25"]
[SourceQuality "1"]

1. Nf3 d5 2. d4 Nf6 3. g3 g6 4. Bg2 Bg7 5. 0-0 0-0 6. Nbd2 Nbd7 7. c4 c6 8. b3 Ne4 9. Bb2 f5 10. Qc2 Ndf6 11. Ne5 Nxd2 12. Qxd2 Ne4 13. Qc2 Be6 14. f3 Bxe5 15. fxe4 Bg7 16. exd5 cxd5 17. Rad1 Rc8 18. c5 Bh6 19. Rf3 f4 20. Bc1 Bf5 21. Qc3 Bg4 22. Rxf4 Bxf4 23. Bxf4 Bxe2 24. Re1 Bb5 25. Qe3 Rf7 26. Qe6 Bc6 27. Bh3 Ra8 28. Bh6 Bb5 29. Re5 Bc6 30. Bg4 Qa5 31. Re2 Qc3 32. Qe5 Qa1+ 33. Re1 Qxa2 34. Be6 Qf2+ 1/2-1/2